Personaggi di fantasia - R - - Statistics

Statistiche generali
  • Questo quiz è stato fatto 2.217 volte
  • Il punteggio medio è 10 su 20
Statistiche sulle risposte
con Immagini Risposta % Corretto
Robin Hood
94%
Rocky Balboa
92%
Raffaello
89%
Rapunzel
86%
Regina di Cuori
76%
Rubeus Hagrid
70%
Rudolph
64%
Rachel Green
62%
Roger Rabbitt
55%
Remy
53%
Romeo
48%
Rango
47%
RoboCop
47%
Richard Cunningham
30%
Rick Blaine
26%
Ron Burgundy
26%
Ralph Hinkley
16%
Raymond "Ray" Stantz
13%
Rhett Butler
11%
Randall Flagg
5%
Nessun quiz corrispondente trovato
Distribuzione punteggi
Percentuale di utenti per punteggio
Percentile per numero di risposta
I tuoi punteggi nel tempo
Non hai fatto questo quiz